000 00589nam a2200217Ia 4500
005 20260429111859.0
008 260429s9999||||xx |||||||||||||| ||und||
020 _a9789357511223
041 _aEnglish
082 _a930.1
_bKUM
100 _aKumari, Nandita
245 0 _aArchaeology and tradition /
_cNandita Kumari
260 _aDelhi :
_bRandom Publications,
_c2024.
300 _ax, 324 p.; hb
650 _a Ancient civilizations
650 _a Cultural heritage
650 _a Historical traditions
650 _a Material culture
650 _aArchaeology
942 _cTB
999 _c51255
_d51255